|
|
|
|
| LEADER |
00849cam a2200265 7i4500 |
| 001 |
0000035558 |
| 005 |
20200610090000.0 |
| 008 |
110314 eng |
| 020 |
|
|
|a 0763756059 (pbk.)
|
| 020 |
|
|
|a 9780763756055 (pbk.)
|
| 040 |
|
|
|a DLC
|
| 090 |
0 |
0 |
|a RA564.8
|b .G47 2010
|
| 245 |
0 |
0 |
|a Gerontology for the health care professional
|c edited by Regula H. Robnett, Walter C. Chop.
|
| 250 |
|
|
|a 2nd ed.
|
| 300 |
|
|
|a xx, 420 p.:
|b ill.;
|c 23 cm.
|
| 504 |
|
|
|a Includes bibliographical references and index
|
| 650 |
0 |
0 |
|a Gerontology
|
| 650 |
0 |
0 |
|a Geriatrics
|
| 650 |
0 |
0 |
|a Older people --
|x Health and hygiene
|
| 650 |
0 |
0 |
|a Aging
|
| 700 |
1 |
|
|a Robnett, Regula H.
|
| 700 |
1 |
|
|a Chop, Walter C.
|
| 997 |
|
|
|a Health Sciences, Faculty
|
| 998 |
|
|
|a Physiotherapy, Diploma
|
| 999 |
|
|
|a 0000048472
|b BOK
|c OPEN SHELF
|e 1st Floor, Shah Alam
|